[Event "Ð§ÐµÐ¼Ð¿Ð¸Ð¾Ð½Ð°Ñ‚ ÐŸÐ¤Ðž Ð¿Ð¾ ÑˆÐ°Ñ…Ð¼Ð"]
[Site "Ð�Ð°Ð±ÐµÑ€ÐµÐ¶Ð½Ñ‹Ðµ Ð§ÐµÐ»Ð½Ñ"]
[Date "2024.03.26"]
[Round "7.9"]
[White "ÐšÐ°Ð¼Ð¸Ð»Ð¾Ð², Ð”Ð¼Ð¸Ñ‚Ñ€Ð¸Ð¹."]
[Black "Ð•Ð²Ñ‚ÑƒÑ…Ð¾Ð², Ð›ÐµÐ²."]
[Result "1-0"]
[WhiteElo "2030"]
[BlackElo "2019"]
[PlyCount "119"]
[EventDate "2024.03.20"]

1. e4 c6 2. d4 d5 3. Nd2 dxe4 4. Nxe4 Nf6 5. Nxf6+ exf6 6. c3 Bd6 7. Bd3 O-O 8.
Qc2 Re8+ 9. Ne2 g6 10. h4 Be6 11. Be3 Nd7 12. h5 f5 13. hxg6 fxg6 14. g4 Qf6
15. gxf5 Bxf5 16. Bxf5 Qxf5 17. Qxf5 gxf5 18. Rh6 Bc7 19. Kd2 Re7 20. Nf4 Bxf4
21. Bxf4 Rae8 22. Rh5 Nf8 23. Be5 f4 24. Kd3 Ng6 25. Rg1 Re6 26. Ke4 R8e7 27.
Kf5 Re8 28. f3 R6e7 29. Rxg6+ hxg6+ 30. Kxg6 Re6+ 31. Bf6 Rxf6+ 32. Kxf6 Re3
33. c4 Rxf3 34. d5 cxd5 35. cxd5 Rd3 36. Ke7 f3 37. d6 Re3+ 38. Kd8 Re2 39. d7
f2 40. Kc7 Rc2+ 41. Kb8 Rd2 42. Rf5 Rxd7 43. Rxf2 b5 44. Rc2 Rd4 45. Kxa7 Ra4+
46. Kb6 Rxa2 47. Kxb5 Kf7 48. Re2 Kf6 49. Kc4 Kf5 50. Kc3 Kf6 51. Re8 Kf7 52.
Re1 Ra8 53. b4 Rc8+ 54. Kb3 Rb8 55. Kc4 Rc8+ 56. Kd5 Rd8+ 57. Kc5 Rc8+ 58. Kd6
Rb8 59. Re4 Ra8 60. b5 1-0

[Event "Ð§ÐµÐ¼Ð¿Ð¸Ð¾Ð½Ð°Ñ‚ ÐŸÐ¤Ðž Ð¿Ð¾ ÑˆÐ°Ñ…Ð¼Ð"]
[Site "Ð�Ð°Ð±ÐµÑ€ÐµÐ¶Ð½Ñ‹Ðµ Ð§ÐµÐ»Ð½Ñ"]
[Date "2024.03.26"]
[Round "7.10"]
[White "ÐšÐ°Ñ€Ð»Ð¾Ð², Ð�Ð»ÐµÐºÑ�ÐµÐ¹."]
[Black "Ð¥Ð¸Ñ�Ð¼Ð°Ñ‚Ð¾Ð², Ð�ÑƒÑ€Ð»Ð°Ð½."]
[Result "1/2-1/2"]
[WhiteElo "2131"]
[BlackElo "1926"]
[PlyCount "101"]
[EventDate "2024.03.20"]

1. Nf3 Nf6 2. c4 c6 3. d4 d5 4. Nc3 dxc4 5. a4 Bf5 6. Ne5 Nbd7 7. Nxc4 Nb6 8.
Ne5 Nfd7 9. a5 Nd5 10. Nxd5 cxd5 11. Qb3 Nxe5 12. dxe5 Bc8 13. Bd2 e6 14. e3
Be7 15. Bd3 O-O 16. Bc3 Qc7 17. O-O Bd7 18. Bd4 a6 19. Rfc1 Bc6 20. Qc2 h6 21.
Qc3 Rac8 22. Rc2 f6 23. exf6 Bxf6 24. Bxf6 Rxf6 25. Rac1 e5 26. Qc5 Qd7 27. e4
dxe4 28. Bxe4 Rd8 29. Qc4+ Kh8 30. h3 Bxe4 31. Qxe4 Qd5 32. Qxd5 Rxd5 33. b4
Rd4 34. Rb2 Rfd6 35. Rc5 R6d5 36. Rxd5 Rxd5 37. Kf1 Rd4 38. Ke2 Kg8 39. Ke3 Kf7
40. g3 Rc4 41. Kd3 Rd4+ 42. Kc3 g5 43. Kb3 h5 44. Rc2 Rd7 45. Rc5 Ke6 46. Rc2
h4 47. Rc3 hxg3 48. Rxg3 Kf5 49. Kc4 Rd2 50. Rf3+ Ke6 51. Rf8 1/2-1/2

[Event "Ð§ÐµÐ¼Ð¿Ð¸Ð¾Ð½Ð°Ñ‚ ÐŸÐ¤Ðž Ð¿Ð¾ ÑˆÐ°Ñ…Ð¼Ð"]
[Site "Ð�Ð°Ð±ÐµÑ€ÐµÐ¶Ð½Ñ‹Ðµ Ð§ÐµÐ»Ð½Ñ"]
[Date "2024.03.26"]
[Round "7.11"]
[White "Ð“Ð°Ð»Ñ�Ð²Ð¸ÐµÐ², Ð¡Ð°Ð¼Ð°Ñ‚."]
[Black "ÐŸÐ°Ð²Ð»Ð¾Ð²Ñ�ÐºÐ¸Ð¹, Ð¯Ñ€Ð¾Ñ�Ð»Ð°Ð²."]
[Result "1-0"]
[WhiteElo "1959"]
[BlackElo "2288"]
[PlyCount "71"]
[EventDate "2024.03.20"]

1. d4 c5 2. d5 Nf6 3. Nc3 d6 4. e4 g6 5. Nf3 Bg7 6. Bc4 O-O 7. O-O Bg4 8. h3
Bxf3 9. Qxf3 Nbd7 10. Be2 Ne8 11. Bg5 h6 12. Bf4 Nc7 13. a4 a6 14. a5 Nb5 15.
Nxb5 axb5 16. Bxb5 Bxb2 17. Ra2 Bg7 18. Rb1 Ne5 19. Qa3 g5 20. Bd2 f5 21. exf5
Rxf5 22. Be2 Ra7 23. Rab2 Qc7 24. Rb5 Nf7 25. Qd3 Rf6 26. Bh5 Ne5 27. Qb3 c4
28. Qe3 Ra8 29. Rxb7 Qc8 30. a6 Rf8 31. a7 c3 32. Bxc3 Nf3+ 33. Bxf3 Qxc3 34.
Qxe7 Rae8 35. Qxe8 Rxe8 36. Rb8 1-0

[Event "Ð§ÐµÐ¼Ð¿Ð¸Ð¾Ð½Ð°Ñ‚ ÐŸÐ¤Ðž Ð¿Ð¾ ÑˆÐ°Ñ…Ð¼Ð"]
[Site "Ð�Ð°Ð±ÐµÑ€ÐµÐ¶Ð½Ñ‹Ðµ Ð§ÐµÐ»Ð½Ñ"]
[Date "2024.03.26"]
[Round "7.14"]
[White "Ð‘ÐµÑ�Ð¿Ð°Ð»Ð¾Ð², Ð•Ð»Ð¸Ñ�ÐµÐ¹."]
[Black "Ð“Ð°Ð»Ð¸Ñ†ÐºÐ¸Ð¹, Ð¤ÐµÐ´Ð¾Ñ€."]
[Result "1/2-1/2"]
[WhiteElo "2004"]
[BlackElo "1941"]
[PlyCount "95"]
[EventDate "2024.03.20"]

1. Nf3 d5 2. g3 g6 3. Bg2 Bg7 4. O-O e5 5. d3 Ne7 6. c4 c6 7. e4 O-O 8. cxd5
cxd5 9. Nc3 d4 10. Ne2 h6 11. a4 Nbc6 12. Nd2 Kh7 13. Nc4 f5 14. a5 Be6 15. Qa4
Rb8 16. Bd2 b5 17. axb6 axb6 18. Qa6 Bc8 19. Qa3 b5 20. Na5 b4 21. Qa4 Bd7 22.
exf5 Nxa5 23. fxg6+ Kxg6 24. Be4+ Bf5 25. Bxf5+ Nxf5 26. Qxa5 Qxa5 27. Rxa5
Rfc8 28. Rc1 Rxc1+ 29. Nxc1 Rc8 30. Kf1 Rc2 31. Ke1 Rxb2 32. Rb5 Bf8 33. Rxe5
Nd6 34. Rd5 b3 35. Nxb3 Rxb3 36. Rxd4 Nb5 37. Rg4+ Kh7 38. Rf4 Bg7 39. Rb4 Rxb4
40. Bxb4 Nd4 41. Kf1 Nf3 42. h3 Bd4 43. h4 Kg6 44. Ke2 Ng1+ 45. Kf1 Nf3 46. Ke2
Ne5 47. Bd6 Ng4 48. f3 1/2-1/2

[Event "Ð§ÐµÐ¼Ð¿Ð¸Ð¾Ð½Ð°Ñ‚ ÐŸÐ¤Ðž Ð¿Ð¾ ÑˆÐ°Ñ…Ð¼Ð"]
[Site "Ð�Ð°Ð±ÐµÑ€ÐµÐ¶Ð½Ñ‹Ðµ Ð§ÐµÐ»Ð½Ñ"]
[Date "2024.03.26"]
[Round "7.15"]
[White "Ð’Ð¾Ð»Ñ‹Ð½ÐµÑ†, Ð‘Ð¾Ð³Ð´Ð°Ð½."]
[Black "Ð“Ð¾Ð»ÑŒÑ†ÐµÐ², Ð”Ð¼Ð¸Ñ‚Ñ€Ð¸Ð¹."]
[Result "1/2-1/2"]
[WhiteElo "1929"]
[BlackElo "2215"]
[PlyCount "81"]
[EventDate "2024.03.20"]

1. e4 e6 2. d4 d5 3. Nc3 dxe4 4. Nxe4 Nf6 5. Nxf6+ Qxf6 6. Nf3 h6 7. Bd3 c5 8.
Be3 Nc6 9. c3 cxd4 10. Nxd4 Bc5 11. Nxc6 Bxe3 12. fxe3 bxc6 13. Qf3 Qxf3 14.
gxf3 Ke7 15. Ke2 c5 16. b4 cxb4 17. cxb4 Bb7 18. Rac1 Rac8 19. Rhd1 Rhd8 20. f4
g5 21. Rc5 gxf4 22. exf4 Rd4 23. Rxc8 Bxc8 24. Rc1 Bd7 25. Rc4 Rxc4 26. Bxc4
Kd6 27. Ke3 f6 28. Kd4 Bc6 29. Bd3 Be8 30. Be4 Bd7 31. Bf3 Be8 32. a3 Bd7 33.
Bg2 Be8 34. Kc4 e5 35. fxe5+ fxe5 36. Be4 Bf7+ 37. Kd3 Be8 38. Ke3 Bb5 39. Kf3
Bd7 40. Ke3 Bb5 41. Kf3 1/2-1/2

[Event "Ð§ÐµÐ¼Ð¿Ð¸Ð¾Ð½Ð°Ñ‚ ÐŸÐ¤Ðž Ð¿Ð¾ ÑˆÐ°Ñ…Ð¼Ð"]
[Site "Ð�Ð°Ð±ÐµÑ€ÐµÐ¶Ð½Ñ‹Ðµ Ð§ÐµÐ»Ð½Ñ"]
[Date "2024.03.26"]
[Round "7.16"]
[White "ÐœÐ¸Ñ€Ð·Ð°Ð½ÑƒÑ€Ð¾Ð², Ð‘ÑƒÐ»Ð°Ñ‚."]
[Black "Ð›Ð¸Ð¿Ð¾Ð²Ð¾Ð¹, Ð”Ð°Ð½Ð¸Ð»Ð°."]
[Result "0-1"]
[WhiteElo "2232"]
[BlackElo "1948"]
[PlyCount "76"]
[EventDate "2024.03.20"]

1. e4 c5 2. Nf3 e6 3. d4 cxd4 4. Nxd4 a6 5. Nc3 b5 6. Bd3 Bb7 7. O-O Qc7 8. Re1
d6 9. Bd2 Nd7 10. a4 b4 11. Na2 e5 12. Nf5 a5 13. c3 g6 14. Ne3 Ngf6 15. Qf3
bxc3 16. Nxc3 Be7 17. Rac1 Qd8 18. Bc4 O-O 19. Ned5 Nxd5 20. Nxd5 Bg5 21. Bxg5
Qxg5 22. g3 Nc5 23. h4 Qd8 24. b3 Bxd5 25. Bxd5 Rb8 26. h5 Kg7 27. Kg2 Qg5 28.
Rh1 h6 29. Rc3 f5 30. hxg6 fxe4 31. Qe2 Qxg6 32. Rh4 Rf4 33. Kh2 Qf6 34. gxf4
Qxh4+ 35. Rh3 Qxf4+ 36. Rg3+ Kh8 37. Qh5 Rf8 38. f3 exf3 0-1

[Event "Ð§ÐµÐ¼Ð¿Ð¸Ð¾Ð½Ð°Ñ‚ ÐŸÐ¤Ðž Ð¿Ð¾ ÑˆÐ°Ñ…Ð¼Ð"]
[Site "Ð�Ð°Ð±ÐµÑ€ÐµÐ¶Ð½Ñ‹Ðµ Ð§ÐµÐ»Ð½Ñ"]
[Date "2024.03.26"]
[Round "7.17"]
[White "Ð•Ñ„Ð¸Ð¼Ð¾Ð², Ð›ÐµÐ¾Ð½Ð¸Ð´."]
[Black "Ð‘Ð¾Ñ€Ð¾Ð´Ð¸Ð½, Ð˜Ð²Ð°Ð½."]
[Result "1/2-1/2"]
[WhiteElo "2058"]
[BlackElo "1785"]
[PlyCount "120"]
[EventDate "2024.03.20"]

1. d4 Nf6 2. c4 e6 3. g3 d5 4. Bg2 Bb4+ 5. Nd2 c5 6. dxc5 Bxc5 7. Nb3 Bb4+ 8.
Bd2 Bxd2+ 9. Qxd2 dxc4 10. Qxd8+ Kxd8 11. Na5 Nc6 12. Nxc6+ bxc6 13. Nf3 Ke7
14. Ne5 Bd7 15. Nxc4 Rab8 16. O-O-O Rb4 17. b3 a5 18. Nxa5 Nd5 19. Rd2 Ra8 20.
Nc4 Be8 21. Kb2 Rb7 22. Rc1 Rba7 23. a3 Rb8 24. Ne5 Rb6 25. Rdc2 Rba6 26. e4
Nb6 27. a4 Rb7 28. Kc3 c5 29. Bf1 Ra8 30. Rd2 Rab8 31. Ra1 f6 32. Nc4 Bg6 33.
f3 Nd5+ 34. Kd3 Rxb3+ 35. Ke2 Nc3+ 36. Kf2 Rb1 37. Rxb1 Rxb1 38. a5 Ra1 39. Rd3
Nb5 40. Rb3 Be8 41. Bd3 Bc6 42. Ke3 Kd8 43. Rb1 Ra2 44. Rb2 Ra1 45. Ne5 Nd4 46.
Nxc6+ Nxc6 47. Rb7 Nxa5 48. Rxg7 Ra3 49. Ke2 Ra2+ 50. Kd1 Rxh2 51. e5 fxe5 52.
Rxh7 Rxh7 53. Bxh7 Nb7 54. Kd2 Ke7 55. Ke3 Kf6 56. Bd3 Nd6 57. g4 Nc8 58. Ke4
Nd6+ 59. Ke3 Kg5 60. Be2 c4 1/2-1/2

[Event "Ð§ÐµÐ¼Ð¿Ð¸Ð¾Ð½Ð°Ñ‚ ÐŸÐ¤Ðž Ð¿Ð¾ ÑˆÐ°Ñ…Ð¼Ð"]
[Site "Ð�Ð°Ð±ÐµÑ€ÐµÐ¶Ð½Ñ‹Ðµ Ð§ÐµÐ»Ð½Ñ"]
[Date "2024.03.26"]
[Round "7.18"]
[White "ÐœÐ°Ñ‚Ð²ÐµÐµÐ²Ð°, ÐžÐ»ÑŒÐ³Ð°."]
[Black "Ð¥Ð°ÐºÐ¸Ð¼Ð¾Ð², Ð�Ð·Ð°Ñ‚."]
[Result "1-0"]
[WhiteElo "2156"]
[BlackElo "1790"]
[PlyCount "76"]
[EventDate "2024.03.20"]

1. c4 e5 2. g3 d6 3. Bg2 g6 4. Nc3 Bg7 5. d3 Ne7 6. e3 O-O 7. Nge2 Nbc6 8. O-O
a6 9. Rb1 Be6 10. Nd5 Qd7 11. Nec3 Rab8 12. b4 b5 13. a3 Nd8 14. Qe2 Nc8 15.
Ne4 f5 16. Ng5 c6 17. Nc3 e4 18. Nxe6 Qxe6 19. Qd2 exd3 20. cxb5 Qc4 21. Bb2
axb5 22. Rfc1 Qe6 23. Qxd3 Nb6 24. Nd1 Nc4 25. Bxg7 Kxg7 26. a4 Ne5 27. Qd4 Qf6
28. axb5 Rxb5 29. Nc3 Rb7 30. b5 Kg8 31. bxc6 Nexc6 32. Qc4+ d5 33. Nxd5 Qe6
34. Ne7+ Nxe7 35. Bxb7 Qxc4 36. Rxc4 Nxb7 37. Rxb7 Re8 38. Rcc7 Kf8 1-0

[Event "Ð§ÐµÐ¼Ð¿Ð¸Ð¾Ð½Ð°Ñ‚ ÐŸÐ¤Ðž Ð¿Ð¾ ÑˆÐ°Ñ…Ð¼Ð"]
[Site "Ð�Ð°Ð±ÐµÑ€ÐµÐ¶Ð½Ñ‹Ðµ Ð§ÐµÐ»Ð½Ñ"]
[Date "2024.03.26"]
[Round "7.19"]
[White "Ð¨Ð¸Ð½ÐºÐ°Ñ€Ð¾Ð², Ð�Ñ€Ñ‚Ñ‘Ð¼."]
[Black "ÐšÑ€Ð¸Ð²Ð¾Ð½Ð¾Ð³Ð¾Ð², Ð�Ð»ÐµÐºÑ�Ð°Ð½Ð´Ñ€."]
[Result "0-1"]
[WhiteElo "1910"]
[BlackElo "2153"]
[PlyCount "52"]
[EventDate "2024.03.20"]

1. Nf3 d5 2. e3 Nf6 3. b3 Bf5 4. Bb2 e6 5. Be2 h6 6. O-O Nbd7 7. c4 Be7 8. Nc3
c6 9. Re1 O-O 10. Bf1 Nc5 11. d4 Nce4 12. a3 Bg4 13. Be2 Nxc3 14. Bxc3 Ne4 15.
Bb2 Bd6 16. h3 Bxf3 17. Bxf3 f5 18. Rf1 Qe7 19. a4 Rf6 20. Bxe4 fxe4 21. Ra2
Raf8 22. Bc1 Rf3 23. Re1 Qh4 24. Ree2 R8f6 25. Qf1 Rg6 26. Kh1 Qg3 0-1

[Event "Ð§ÐµÐ¼Ð¿Ð¸Ð¾Ð½Ð°Ñ‚ ÐŸÐ¤Ðž Ð¿Ð¾ ÑˆÐ°Ñ…Ð¼Ð"]
[Site "Ð�Ð°Ð±ÐµÑ€ÐµÐ¶Ð½Ñ‹Ðµ Ð§ÐµÐ»Ð½Ñ"]
[Date "2024.03.26"]
[Round "7.20"]
[White "Ð‘Ð¾Ñ€Ñ‰, Ð�Ð»ÐµÐºÑ�Ð°Ð½Ð´Ñ€."]
[Black "Ð¨Ð°Ñ€Ð¸ÐºÐ¾Ð², Ð�Ð»ÐµÐºÑ�Ð°Ð½Ð´Ñ€."]
[Result "1-0"]
[WhiteElo "1820"]
[BlackElo "2067"]
[PlyCount "71"]
[EventDate "2024.03.20"]

1. e4 e6 2. d4 d5 3. Nd2 a6 4. Ngf3 c5 5. exd5 exd5 6. Bd3 Qe7+ 7. Be2 Bg4 8.
O-O Nd7 9. Re1 O-O-O 10. Bxa6 Qf6 11. Be2 h6 12. dxc5 Nxc5 13. Nb3 Ne4 14. Nbd4
Bc5 15. Be3 Ne7 16. c3 Kb8 17. a4 g5 18. a5 Bc8 19. Nd2 Ng6 20. Qc2 Rhe8 21. b4
Bd6 22. a6 Nf4 23. Bb5 g4 24. Bxe8 Nh3+ 25. gxh3 gxh3 26. Nxe4 dxe4 27. Qxe4
Qg7+ 28. Kf1 f5 29. Nxf5 Bxf5 30. Qxb7+ Qxb7 31. axb7 Bd3+ 32. Kg1 Kxb7 33.
Ra7+ Kb8 34. Bb6 Rc8 35. Bd7 Rg8+ 36. Kh1 1-0

[Event "Ð§ÐµÐ¼Ð¿Ð¸Ð¾Ð½Ð°Ñ‚ ÐŸÐ¤Ðž Ð¿Ð¾ ÑˆÐ°Ñ…Ð¼Ð"]
[Site "Ð�Ð°Ð±ÐµÑ€ÐµÐ¶Ð½Ñ‹Ðµ Ð§ÐµÐ»Ð½Ñ"]
[Date "2024.03.26"]
[Round "7.21"]
[White "Ð¥Ð°Ð´Ð¸ÐµÐ², Ð¢Ð¸Ð¼ÑƒÑ€."]
[Black "Ð˜Ð³Ð½Ð°Ñ‚ÑŒÐµÐ², Ð�Ð»ÐµÐºÑ�ÐµÐ¹."]
[Result "0-1"]
[WhiteElo "1729"]
[BlackElo "2007"]
[PlyCount "58"]
[EventDate "2024.03.20"]

1. e4 c6 2. d4 d5 3. exd5 cxd5 4. Bd3 Nf6 5. h3 Nc6 6. c3 e5 7. dxe5 Nxe5 8.
Nf3 Nxd3+ 9. Qxd3 Bd6 10. O-O O-O 11. Be3 Re8 12. Nbd2 h6 13. Rfe1 Bd7 14. Bd4
Nh5 15. Be5 Nf4 16. Bxf4 Bxf4 17. Nb3 Qc7 18. Rad1 Re6 19. Qxd5 Bc6 20. Qd3 Rg6
21. Nbd4 Rd8 22. Re7 Qd6 23. Rde1 Qd5 24. Qe2 Qh5 25. Kh1 Rdd6 26. Nxc6 Rxg2
27. Re8+ Kh7 28. Ng5+ Qxg5 29. Qe4+ Rg6 0-1

[Event "Ð§ÐµÐ¼Ð¿Ð¸Ð¾Ð½Ð°Ñ‚ ÐŸÐ¤Ðž Ð¿Ð¾ ÑˆÐ°Ñ…Ð¼Ð"]
[Site "Ð�Ð°Ð±ÐµÑ€ÐµÐ¶Ð½Ñ‹Ðµ Ð§ÐµÐ»Ð½Ñ"]
[Date "2024.03.26"]
[Round "7.22"]
[White "Ð¨Ð°Ñ…ÑƒÑ€Ð´Ð¸Ð½, Ð¢Ð¸Ð¼Ð¾Ñ„ÐµÐ¹."]
[Black "ÐšÐ¾Ñ‚ÐµÐ»ÑŒÐ²Ð°, Ð›ÐµÐ²."]
[Result "1-0"]
[WhiteElo "1875"]
[BlackElo "1949"]
[PlyCount "85"]
[EventDate "2024.03.20"]

1. e4 c5 2. Nf3 d6 3. d4 cxd4 4. Nxd4 Nf6 5. Nc3 a6 6. Be3 e5 7. Nb3 Be6 8. Qd2
Nbd7 9. O-O-O Be7 10. f4 Ng4 11. g3 Nxe3 12. Qxe3 b5 13. Kb1 Qb6 14. Qf3 b4 15.
Nd5 Bxd5 16. Rxd5 O-O 17. Rd1 a5 18. Nd2 a4 19. Nc4 Qc6 20. Ne3 b3 21. cxb3
axb3 22. a3 Nb6 23. Bd3 exf4 24. gxf4 Bf6 25. Rc1 Qb7 26. Nc4 Nxc4 27. Bxc4 Ra4
28. Bd5 Qa7 29. Qe2 Bd4 30. Rc4 Ra5 31. Rb4 Bb6 32. Rxb3 Rc5 33. Rc1 Rxc1+ 34.
Kxc1 Kh8 35. Kb1 f5 36. exf5 Bd8 37. Qh5 h6 38. f6 Qg1+ 39. Ka2 Bxf6 40. Be4
Bd4 41. Qf7 Rd8 42. Rh3 Bxb2 43. Rxh6+ 1-0

[Event "Ð§ÐµÐ¼Ð¿Ð¸Ð¾Ð½Ð°Ñ‚ ÐŸÐ¤Ðž Ð¿Ð¾ ÑˆÐ°Ñ…Ð¼Ð"]
[Site "Ð�Ð°Ð±ÐµÑ€ÐµÐ¶Ð½Ñ‹Ðµ Ð§ÐµÐ»Ð½Ñ"]
[Date "2024.03.26"]
[Round "7.23"]
[White "Ð“Ð¸Ð½Ð´ÑƒÐ»Ð»Ð¸Ð½, Ð‘ÑƒÐ»Ð°Ñ‚."]
[Black "ÐžÑ�Ð¸Ð¿Ð¾Ð², Ð•Ð³Ð¾Ñ€."]
[Result "1/2-1/2"]
[WhiteElo "1573"]
[BlackElo "1873"]
[PlyCount "65"]
[EventDate "2024.03.20"]

1. d4 Nf6 2. Nf3 e6 3. Bg5 Be7 4. Nbd2 d5 5. e3 O-O 6. Bd3 c5 7. c3 Nc6 8. O-O
b6 9. Ne5 Bb7 10. f4 h6 11. Bh4 Nd7 12. Bg3 Bd6 13. Qh5 f5 14. Bh4 Nf6 15. Qe2
Qe8 16. Bxf6 Rxf6 17. g4 g6 18. Rf3 c4 19. Bc2 Bxe5 20. fxe5 Rf7 21. Rh3 Kh7
22. Nf3 Qe7 23. Qg2 Rg8 24. Rg3 f4 25. exf4 Rxf4 26. h4 Kg7 27. Rf1 Rgf8 28. h5
g5 29. Bb1 Qf7 30. Qc2 Kg8 31. Kg2 Ne7 32. Qa4 Nc6 33. Qc2 1/2-1/2

[Event "Ð§ÐµÐ¼Ð¿Ð¸Ð¾Ð½Ð°Ñ‚ ÐŸÐ¤Ðž Ð¿Ð¾ ÑˆÐ°Ñ…Ð¼Ð"]
[Site "Ð�Ð°Ð±ÐµÑ€ÐµÐ¶Ð½Ñ‹Ðµ Ð§ÐµÐ»Ð½Ñ"]
[Date "2024.03.26"]
[Round "7.24"]
[White "ÐšÐ°Ñ€Ð¿ÐµÑˆÐ¾Ð², Ð”Ð¼Ð¸Ñ‚Ñ€Ð¸Ð¹."]
[Black "ÐŸÐ¾Ñ�Ð°Ð¶ÐµÐ½ÐºÐ¾Ð², Ð�Ð¸ÐºÐ¸Ñ‚Ð°."]
[Result "1-0"]
[WhiteElo "2048"]
[BlackElo "1677"]
[PlyCount "83"]
[EventDate "2024.03.20"]

1. d4 d5 2. Nf3 Nf6 3. Bf4 e6 4. e3 c5 5. c3 Qb6 6. Qb3 c4 7. Qc2 Bd7 8. Nbd2
Bd6 9. Bg5 Qc7 10. e4 Nxe4 11. Nxe4 dxe4 12. Nd2 h6 13. Be3 b5 14. Nxe4 Be7 15.
Nd2 Bc6 16. Nf3 Nd7 17. Be2 O-O 18. Qd2 Be4 19. Bf4 Bd6 20. Qe3 Bh7 21. Bg3 Nf6
22. O-O Nd5 23. Qd2 Nf4 24. Rfe1 Rad8 25. a4 a6 26. axb5 axb5 27. Ra6 Nxe2+ 28.
Qxe2 Bxg3 29. hxg3 Ra8 30. Rea1 Qb7 31. R6a3 Rxa3 32. Rxa3 Ra8 33. Qe5 Rxa3 34.
bxa3 Bd3 35. g4 Qa6 36. Qb8+ Kh7 37. Ne5 f6 38. Nd7 Qa4 39. Nf8+ Kg8 40. Nxe6+
Kf7 41. d5 Qd1+ 42. Kh2 1-0

[Event "Ð§ÐµÐ¼Ð¿Ð¸Ð¾Ð½Ð°Ñ‚ ÐŸÐ¤Ðž Ð¿Ð¾ ÑˆÐ°Ñ…Ð¼Ð"]
[Site "Ð�Ð°Ð±ÐµÑ€ÐµÐ¶Ð½Ñ‹Ðµ Ð§ÐµÐ»Ð½Ñ"]
[Date "2024.03.26"]
[Round "7.25"]
[White "Ð�Ñ…Ð¼ÐµÑ‚Ð¾Ð², Ð ÑƒÑ�Ð»Ð°Ð½."]
[Black "ÐœÐ¸Ð½Ñ…Ð°Ð¹Ð´Ð°Ñ€Ð¾Ð², Ð ÑƒÑ�Ð»Ð°Ð½."]
[Result "0-1"]
[WhiteElo "1782"]
[BlackElo "1946"]
[PlyCount "82"]
[EventDate "2024.03.20"]

1. d4 d5 2. Nc3 Nf6 3. Bg5 c5 4. Bxf6 gxf6 5. e4 dxe4 6. dxc5 f5 7. g4 fxg4 8.
Qxd8+ Kxd8 9. Nxe4 Bd7 10. Ng5 Ke8 11. Bg2 Bc6 12. Bxc6+ Nxc6 13. c3 a5 14. h3
gxh3 15. N1xh3 h6 16. Nf4 hxg5 17. Rxh8 gxf4 18. O-O-O e6 19. Kc2 Ne5 20. Kb3
Rc8 21. Rd4 Rxc5 22. Rg8 f3 23. Ka4 b5+ 24. Kxa5 Nc4+ 25. Ka6 Nxb2 26. Kb6 Nc4+
27. Kb7 Ne5 28. Re4 f5 29. Re3 Kf7 30. Rg1 Bh6 31. Ree1 Bf4 32. Rb1 Ng4 33. Rb3
Be5 34. Kb6 Rxc3 35. Rxb5 Bd4+ 36. Kb7 Bxf2 37. Rf1 Bd4 38. a4 f2 39. Rb4 e5
40. a5 Nh2 41. Rxd4 Nxf1 0-1

[Event "Ð§ÐµÐ¼Ð¿Ð¸Ð¾Ð½Ð°Ñ‚ ÐŸÐ¤Ðž Ð¿Ð¾ ÑˆÐ°Ñ…Ð¼Ð"]
[Site "Ð�Ð°Ð±ÐµÑ€ÐµÐ¶Ð½Ñ‹Ðµ Ð§ÐµÐ»Ð½Ñ"]
[Date "2024.03.26"]
[Round "7.26"]
[White "Ð¨Ð°Ñ€Ð¸Ð¿Ð¾Ð², Ð­Ð´ÑƒÐ°Ñ€Ð´."]
[Black "Ð”Ð°Ð²Ñ‹Ð´Ð¾Ð², Ð¡ÐµÑ€Ð³ÐµÐ¹."]
[Result "1/2-1/2"]
[WhiteElo "1747"]
[BlackElo "1972"]
[PlyCount "93"]
[EventDate "2024.03.20"]

1. e4 d6 2. d4 Nf6 3. Nc3 g6 4. f4 Bg7 5. Nf3 O-O 6. Bd3 Nbd7 7. e5 Ne8 8. O-O
c5 9. Be3 cxd4 10. Bxd4 dxe5 11. fxe5 Nxe5 12. Bxe5 Bxe5 13. Nxe5 Qd4+ 14. Kh1
Qxe5 15. Qf3 Nf6 16. Rae1 Qc5 17. Qf4 Be6 18. Re5 Qc7 19. Nb5 Qb8 20. Rc5 Qxf4
21. Rxf4 b6 22. Re5 Nd5 23. Rf1 a6 24. Nd4 Nc7 25. Nxe6 fxe6 26. Rxf8+ Rxf8 27.
Kg1 Kf7 28. Re4 Ke8 29. Rc4 Kd7 30. Rd4+ Kc8 31. h4 a5 32. h5 gxh5 33. Bxh7 Nd5
34. Rh4 Nf6 35. Bd3 e5 36. Be2 Rh8 37. Kf2 Rh7 38. g4 hxg4 39. Rxh7 Nxh7 40.
Bxg4+ Kc7 41. Ke3 Nf6 42. Bf3 Kd6 43. c3 e6 44. a4 Kc5 45. b3 Kd6 46. Kd3 Kc5
47. Ke3 1/2-1/2

[Event "Ð§ÐµÐ¼Ð¿Ð¸Ð¾Ð½Ð°Ñ‚ ÐŸÐ¤Ðž Ð¿Ð¾ ÑˆÐ°Ñ…Ð¼Ð"]
[Site "Ð�Ð°Ð±ÐµÑ€ÐµÐ¶Ð½Ñ‹Ðµ Ð§ÐµÐ»Ð½Ñ"]
[Date "2024.03.26"]
[Round "7.27"]
[White "Ð›Ð°Ñ€Ñ†ÐµÐ², Ð’Ð»Ð°Ð´Ð¸Ñ�Ð»Ð°Ð²."]
[Black "Ð“Ð°Ð»Ð¸ÐµÐ², Ð Ð°Ñ�ÑƒÐ»ÑŒ."]
[Result "1/2-1/2"]
[WhiteElo "1823"]
[BlackElo "1744"]
[PlyCount "81"]
[EventDate "2024.03.20"]

1. Nf3 d5 2. c4 dxc4 3. Na3 a6 4. Nxc4 b5 5. Ne3 Bb7 6. g3 Nf6 7. Bg2 e6 8. O-O
Nbd7 9. b3 c5 10. Bb2 Be7 11. Nc2 O-O 12. d4 Rc8 13. Rc1 c4 14. bxc4 Rxc4 15.
Re1 Qa8 16. Ne3 Rcc8 17. Rxc8 Rxc8 18. Qa1 Bf8 19. Rc1 a5 20. Nd2 Bxg2 21. Nxg2
Nb6 22. Nf4 a4 23. Nd3 a3 24. Bc3 h6 25. Bb4 Rxc1+ 26. Qxc1 Bxb4 27. Nxb4 Qa5
28. Qc3 Qa4 29. Nc2 Nfd5 30. Qb3 Qa5 31. Nb1 Nc4 32. Nbxa3 Nxa3 33. Nxa3 Qe1+
34. Kg2 b4 35. Nc2 Qxe2 36. Nxb4 Qe4+ 37. Kf1 Qh1+ 38. Ke2 Qe4+ 39. Kf1 Qh1+
40. Ke2 Qe4+ 41. Kf1 1/2-1/2

[Event "Ð§ÐµÐ¼Ð¿Ð¸Ð¾Ð½Ð°Ñ‚ ÐŸÐ¤Ðž Ð¿Ð¾ ÑˆÐ°Ñ…Ð¼Ð"]
[Site "Ð�Ð°Ð±ÐµÑ€ÐµÐ¶Ð½Ñ‹Ðµ Ð§ÐµÐ»Ð½Ñ"]
[Date "2024.03.26"]
[Round "7.28"]
[White "Ð—Ð¸Ð»o^ÐºÐ¾Ð², ÐœÐ°ÐºÑ�Ð¸Ð¼."]
[Black "Ð�Ð³Ð¸Ð±Ð°Ð»Ð¾Ð², Ð¯ÐºÐ¾Ð²."]
[Result "1/2-1/2"]
[WhiteElo "1731"]
[BlackElo "1632"]
[PlyCount "102"]
[EventDate "2024.03.20"]

1. c4 c5 2. Nc3 Nf6 3. g3 d5 4. cxd5 Nxd5 5. Bg2 e6 6. Nf3 Nc6 7. O-O Be7 8.
Nxd5 Qxd5 9. d4 O-O 10. Ne5 Qxd4 11. Nxc6 bxc6 12. Qc2 Ba6 13. Be4 f5 14. Bxc6
Rac8 15. Bf3 Qc4 16. Qxc4 Bxc4 17. b3 Bf6 18. Rb1 Bd5 19. Be3 Bxf3 20. exf3 Bd4
21. Rbc1 e5 22. f4 e4 23. Rc2 Rcd8 24. Rfc1 Rd7 25. Rd1 Rfd8 26. Rcd2 Kf7 27.
Kf1 Ke6 28. Ke2 Rd5 29. Rc2 Kd6 30. Rc4 Kc6 31. Ra4 Kb6 32. Rc4 Bxe3 33. Rxd5
Rxd5 34. fxe3 Kb5 35. h3 h5 36. g4 hxg4 37. hxg4 g6 38. Rc1 Kb4 39. Rc4+ Kb5
40. Rc1 a5 41. g5 a4 42. bxa4+ Kxa4 43. Rb1 Rd6 44. Rc1 Kb5 45. Rb1+ Kc6 46. a4
c4 47. a5 Kc5 48. Ra1 Ra6 49. Kd2 Kb4 50. Rb1+ Kc5 51. Ra1 Kb4 1/2-1/2

[Event "Ð§ÐµÐ¼Ð¿Ð¸Ð¾Ð½Ð°Ñ‚ ÐŸÐ¤Ðž Ð¿Ð¾ ÑˆÐ°Ñ…Ð¼Ð"]
[Site "Ð�Ð°Ð±ÐµÑ€ÐµÐ¶Ð½Ñ‹Ðµ Ð§ÐµÐ»Ð½Ñ"]
[Date "2024.03.26"]
[Round "7.29"]
[White "ÐœÑƒÐ»Ð»Ð°Ð³Ð°Ð»Ð¸ÐµÐ², Ð�Ð°Ñ„Ð¸Ñ�."]
[Black "ÐœÑƒÑ�Ð¸Ð½, Ð Ð°Ð¼Ð°Ð·Ð°Ð½."]
[Result "1/2-1/2"]
[WhiteElo "1881"]
[BlackElo "1552"]
[PlyCount "108"]
[EventDate "2024.03.20"]

1. f4 d5 2. Nf3 c5 3. e3 g6 4. d4 Nf6 5. c3 Bg7 6. Bd3 O-O 7. Nbd2 b6 8. Qe2
cxd4 9. exd4 Bf5 10. O-O Bxd3 11. Qxd3 e6 12. Ne5 Nbd7 13. b3 Rc8 14. Ba3 Re8
15. Rac1 h5 16. h3 h4 17. Qf3 b5 18. Qf2 Qa5 19. Bb4 Qb6 20. Ba3 Qa5 21. Bc5
Nxc5 22. dxc5 b4 23. cxb4 Qxb4 24. Nd3 Qa5 25. Rc2 Red8 26. c6 Ne4 27. Nxe4
dxe4 28. Ne5 Rc7 29. Qc5 Qxc5+ 30. Rxc5 g5 31. Rc4 gxf4 32. Nd7 e5 33. Rd1 e3
34. Kf1 Rdc8 35. Rd6 f5 36. b4 Kf7 37. b5 e4 38. Ke2 Bb2 39. a4 Rg8 40. g4 hxg3
41. Rd1 Rh8 42. Rc5 Kg6 43. Rd6+ Kg5 44. Rdd5 f3+ 45. Kxe3 Kh4 46. Rd1 Kxh3 47.
Rxf5 g2 48. Kxe4 Kh2 49. Rxf3 g1=Q 50. Rxg1 Kxg1 51. Rb3 Rh4+ 52. Kd5 Rd4+ 53.
Ke6 Rd2 54. a5 a6 1/2-1/2

[Event "Ð§ÐµÐ¼Ð¿Ð¸Ð¾Ð½Ð°Ñ‚ ÐŸÐ¤Ðž Ð¿Ð¾ ÑˆÐ°Ñ…Ð¼Ð"]
[Site "Ð�Ð°Ð±ÐµÑ€ÐµÐ¶Ð½Ñ‹Ðµ Ð§ÐµÐ»Ð½Ñ"]
[Date "2024.03.26"]
[Round "7.30"]
[White "Ð¡Ð°Ð±Ð¸Ñ€Ð¾Ð², Ð Ð°Ð´Ð¼Ð¸Ñ€."]
[Black "Ð˜Ð»o^ÑˆÐ¸Ð½, Ð¯Ñ€Ð¾Ñ�Ð»Ð°Ð²."]
[Result "1/2-1/2"]
[WhiteElo "1542"]
[BlackElo "1795"]
[PlyCount "91"]
[EventDate "2024.03.20"]

1. d4 d5 2. c4 e6 3. Nc3 Be7 4. cxd5 exd5 5. Nf3 Nf6 6. Bg5 c6 7. e3 O-O 8. Bd3
Nbd7 9. O-O Re8 10. Bxf6 Bxf6 11. b4 a6 12. a4 Nf8 13. Qc2 Bg4 14. Nd2 Be7 15.
Rab1 Bd6 16. Ne2 Qh4 17. Ng3 Re6 18. Rfe1 Rh6 19. Ndf1 Bxg3 20. fxg3 Qe7 21. b5
axb5 22. axb5 Bd7 23. bxc6 Bxc6 24. Bb5 Re6 25. Bxc6 bxc6 26. Rec1 Nd7 27. Rb7
Qd6 28. Rb3 Ra3 29. Rc3 Rxc3 30. Qxc3 g6 31. Nd2 Nf6 32. Nf1 Qe7 33. Qc5 Qe8
34. h3 Ne4 35. Qa7 Nd6 36. Rb1 Re7 37. Qb8 Nc4 38. Qxe8+ Rxe8 39. Kf2 Ra8 40.
Kf3 Ra2 41. g4 Kg7 42. Rc1 Kf6 43. Re1 Ke6 44. Re2 Ra1 45. Kf2 Nd6 46. Nd2
1/2-1/2

[Event "Ð§ÐµÐ¼Ð¿Ð¸Ð¾Ð½Ð°Ñ‚ ÐŸÐ¤Ðž Ð¿Ð¾ ÑˆÐ°Ñ…Ð¼Ð"]
[Site "Ð�Ð°Ð±ÐµÑ€ÐµÐ¶Ð½Ñ‹Ðµ Ð§ÐµÐ»Ð½Ñ"]
[Date "2024.03.26"]
[Round "7.34"]
[White "Ð¯ÐºÑƒÐ¿Ð¾Ð², Ð�Ð°Ð¸Ð»ÑŒ."]
[Black "Ð“Ð¾Ñ€Ð¸Ð½, Ð�Ð»ÐµÐºÑ�Ð°Ð½Ð´Ñ€."]
[Result "1-0"]
[WhiteElo "1564"]
[BlackElo "1471"]
[PlyCount "67"]
[EventDate "2024.03.20"]

1. d4 d5 2. Nc3 Nf6 3. Bg5 Bf5 4. f3 Nc6 5. Bxf6 exf6 6. e4 dxe4 7. fxe4 Bg6 8.
Nf3 Bb4 9. d5 Ne5 10. Nxe5 fxe5 11. Bb5+ Ke7 12. Qf3 Qd6 13. O-O-O Bxc3 14.
Qxc3 Bxe4 15. Rhe1 f5 16. Bd3 Rae8 17. Bxe4 fxe4 18. Rxe4 Kd8 19. Rde1 Rhf8 20.
Qg3 Qxd5 21. Rd1 Rf1 22. Ree1 Rxe1 23. Qxe1 c6 24. Rxd5+ cxd5 25. Qh4+ Re7 26.
Qxh7 e4 27. Kd2 d4 28. Qf5 e3+ 29. Ke2 Ke8 30. Qc8+ Kf7 31. Qc4+ Ke8 32. Qxd4
Rd7 33. Qxd7+ Kxd7 34. Kxe3 1-0

[Event "Ð§ÐµÐ¼Ð¿Ð¸Ð¾Ð½Ð°Ñ‚ ÐŸÐ¤Ðž Ð¿Ð¾ ÑˆÐ°Ñ…Ð¼Ð"]
[Site "Ð�Ð°Ð±ÐµÑ€ÐµÐ¶Ð½Ñ‹Ðµ Ð§ÐµÐ»Ð½Ñ"]
[Date "2024.03.26"]
[Round "7.35"]
[White "Ð�Ð³Ð¸ÑˆÐµÐ², Ð­Ð¼Ð¸Ð»ÑŒ."]
[Black "ÐœÐ¸Ð½Ð³Ð°Ð·ÑƒÑ‚Ð´Ð¸Ð½Ð¾Ð², Ð ÑƒÑ�Ð»Ð°Ð½."]
[Result "1/2-1/2"]
[WhiteElo "1530"]
[BlackElo "1759"]
[PlyCount "105"]
[EventDate "2024.03.20"]

1. e4 e5 2. Nf3 Nc6 3. Nc3 Nf6 4. d4 exd4 5. Nxd4 Bb4 6. Nxc6 bxc6 7. Bd3 d5 8.
exd5 cxd5 9. O-O O-O 10. Bg5 c6 11. Qf3 h6 12. Bxf6 Qxf6 13. Qxf6 gxf6 14. Ne2
Bd6 15. Nd4 c5 16. Nf5 Bxf5 17. Bxf5 Rae8 18. Rad1 Re5 19. Bg4 Bc7 20. f4 Re4
21. Bf3 Rc4 22. c3 Rxf4 23. Rxd5 Ra4 24. a3 Ra6 25. Rh5 Kg7 26. Rh4 f5 27. Bd5
f4 28. Rg4+ Rg6 29. Rh4 Rb6 30. Rf2 Re8 31. Kf1 Re7 32. Rh5 Re5 33. Rxe5 Bxe5
34. Rd2 Rd6 35. Ke2 f5 36. Bf3 Rxd2+ 37. Kxd2 Kf6 38. Kd3 Bc7 39. Kc4 Bb6 40.
h3 Ke5 41. b4 cxb4 42. cxb4 Kd6 43. a4 Be3 44. a5 Bf2 45. Kb5 Kc7 46. Bh5 Be3
47. Bg6 Bf2 48. Bxf5 h5 49. Kc4 h4 50. b5 Be1 51. Kd4 Bxa5 52. Ke4 Be1 53. Kxf4
1/2-1/2